000 00323nam a22001337a 4500
008 181206b xxu||||| |||| 00| 0 eng d
020 _a0023210206
041 _aeng
080 _a541
100 _a12
101 _aKIM
245 _aPhysical Chemistry with Applications to Biological Systems
_cChang,R
942 _2udc
_cBK
999 _c52912
_d52912